00825nam a2200181 i 4500001000700000003000900007005001700016007000300033008004100036100004600077245020600123260006700329300002100396700003800417852002300455999001900478952014600497135573ES-MaACL20230906194916.0t|070719s1926 sp ||||1| spa d1 aTorre y del Cerro, Antonio de la.911079410aDon Cosme Parpal y Marqués b: discurso leído en la sesión necrológica celebrada por la Real Academia de Buenas Letras de Barcelona el 28 de febrero de 1926 / cAntonio de la Torre y del Cerro. aBarcelona : b[Imp. de la Casa provincial de Caridad], c1926. a56 p. ; c26 cm.1 aParpal y Marqués, Cosme.989218 aES-MaACLj1707-F-5 c135573d135573 001040708Colección_de_folletosaATENEOMbATENEOMcDEPOFd2008-01-17eSCl0o1707-F-5p1141100r2023-02-23 00:00:00w2023-02-23yFOLLETOS